000 00993cam a2200301 i 4500
001 66542
003 Mx-PuUPA
005 20221110113007.0
008 161123s1981 sp a gr 000 0 spa d
017 _aB.18.746-1981
020 _a8434303337
040 _aMx-PuUPA
_bspa
_cMx-PuUPA
_dMx-PuUPA
_erda
041 0 _aspa
100 1 _aPalau i Fabre, Josep,
_d1917-2008
_eautor
_913478
245 1 0 _aPicasso /
_cJosep Palau i Fabre
264 1 _aBarcelona, España :
_bEdiciones Polígrafas,
_c1981
300 _a128 páginas :
_bilustraciones ;
_c31 cm
336 _atexto
_2rdacontent
_btxt
337 _asin medio
_2rdamedia
_bn
338 _avolumen
_2rdacarrier
_bnc
600 1 4 _aPicasso, Pablo,
_d1881 - 1973
_xCritica e interpretación
650 7 _2armarc
_aPintura española
942 _2ddc
_cLI
_h759.6
_iP585
999 _c66542
_d66542